| 000 | 00741cam a2200241 4500500 | ||
|---|---|---|---|
| 005 | 20260405000557.0 | ||
| 041 | _afre | ||
| 042 | _adc | ||
| 100 | 1 | 0 |
_aMalinconi, Nicole _eauthor |
| 700 | 1 | 0 |
_aAndré, Jacques _eauthor |
| 700 | 1 | 0 |
_aJeancourt-Galignani, Oriane _eauthor |
| 245 | 0 | 0 | _aNicole Malinconi, Jacques André. Crimes de femmes |
| 260 | _c2008. | ||
| 500 | _a56 | ||
| 690 | _aCrime | ||
| 690 | _aIdentité | ||
| 690 | _aJacques André | ||
| 690 | _aNicole Malinconi | ||
| 690 | _aPsychologie | ||
| 690 | _aResponsabilité | ||
| 786 | 0 | _nPhilosophie magazine | 19 | 5 | 2008-05-01 | p. 5-6 | 1951-1787 | |
| 856 | 4 | 1 | _uhttps://shs.cairn.info/magazine-philosophie-magazine-2008-5-page-5?lang=fr&redirect-ssocas=7080 |
| 999 |
_c2038579 _d2038579 |
||